| 000 | 00707cam a22002531 4500 | ||
|---|---|---|---|
| 001 | 4533411 | ||
| 003 | OSt | ||
| 005 | 20140310184500.0 | ||
| 008 | 791005s1966 ilua j 000 0 eng | ||
| 010 | _a 66016082 | ||
| 020 | _a0590437577 | ||
| 040 |
_aDLC _cDLC _dDLC _dOCoLC |
||
| 050 | 0 | 0 |
_aPZ 7 _b.Ud21 1966 |
| 100 | 1 |
_aUdry, Janice May. _928600 |
|
| 245 | 1 | 0 |
_aWhat Mary Jo shared. _cPictures: Eleanor Mill. |
| 260 |
_aChicago, _bA. Whitman _c[1966] |
||
| 300 |
_a1 v. (unpaged) _billus. (part col.) _c24 cm. |
||
| 521 | _aG3 | ||
| 526 | _c530 | ||
| 541 | _j1 | ||
| 700 | 1 |
_aMill, Eleanor, _eillus. _928601 |
|
| 906 |
_a7 _bcbc _corignew _du _eocip _f19 _gy-gencatlg |
||
| 942 |
_2lcc _cBK-SCHOLAS |
||
| 999 |
_c34721 _d34721 |
||